Olympische Medaillen Milan-Cortina 2026 - Statistiken

Allgemein
  • Dieses Quiz wurde 38 mal gespielt
  • Das Durchschnittsergebnis liegt bei 13 aus 16
Antwortstatistiken
Hint Antwort % Korrekt
Bob Deutschland
95%
Eishockey USA
95%
Rennrodeln Deutschland
92%
Eisschnelllauf Niederlande
92%
Biathlon Frankreich
89%
Nordische Kombination Norwegen
89%
Skilanglauf Norwegen
89%
Skeleton Deutschland
81%
Curling Schweden
81%
Eiskunstlauf Japan
78%
Ski Alpin Schweiz
76%
Skispringen Norwegen
73%
Shorttrack Niederlande
70%
Ski Freestyle China
62%
Skibergsteigen Frankreich
49%
Snowboard Japan
49%
Keine übereinstimmenden Quizze gefunden
Verteilung der Resultate
Anzahl Personen mit jedem Resultat
Perzentil nach korrekt beantworteten Fragen
Ihre Resultats-Entwicklung
Sie haben dieses Quiz noch nicht gespielt